Principles of management and entreprenuership development (Record no. 89143)

MARC details
000 -LEADER
fixed length control field 00554nam a2200217Ia 4500
008 - FIXED-LENGTH DATA ELEMENTS--GENERAL INFORMATION
fixed length control field 230125s9999 xx 000 0 und d
020 ## - INTERNATIONAL STANDARD BOOK NUMBER
International Standard Book Number 81-7381-352-3
041 ## - LANGUAGE CODE
Language code of text/sound track or separate title eng
082 ## - DEWEY DECIMAL CLASSIFICATION NUMBER
Classification number 658.001
Item number HAY
100 ## - MAIN ENTRY--PERSONAL NAME
Personal name Haynes W
9 (RLIN) 112200
245 ## - TITLE STATEMENT
Title Principles of management and entreprenuership development
250 ## - EDITION STATEMENT
Edition statement 2nd ed
260 ## - PUBLICATION, DISTRIBUTION, ETC. (IMPRINT)
Date of publication, distribution, etc. 2000
Name of publisher, distributor, etc. New Central Book Agency
Place of publication, distribution, etc. New Delhi
300 ## - PHYSICAL DESCRIPTION
Extent 223p
500 ## - GENERAL NOTE
Keywords Entreprenuership
500 ## - GENERAL NOTE
Keywords PPM
650 ## - SUBJECT ADDED ENTRY--TOPICAL TERM
Topical term or geographic name as entry element Management
700 ## - ADDED ENTRY--PERSONAL NAME
Personal name Haynes W
9 (RLIN) 112200
906 ## - LOCAL DATA ELEMENT F, LDF (RLIN)
b 17
Holdings
Withdrawn status Lost status Damaged status Not for loan Home library Current library Date acquired Vendor Cost, normal purchase price Total Checkouts Full call number Barcode Date last seen Cost, replacement price Bill Date Koha item type Original Barcode
        Smt. Hiraben Nanavati Institute of Management & Research for Women Smt. Hiraben Nanavati Institute of Management & Research for Women 15/12/2000 Mehta book supplier 115.00   658.001 HAY B02342 HIMR-BK-2342 25/01/2023 98.00 15/12/2000 Books B02342